000 00298nam a2200133Ia 4500
100 _aKearton/William J
942 _cBK
654 _aTurbine
245 _aSteam Turbine Operation
260 _bSir ISAAC Pitman & Sons Ltd.
_aLondon
_c1954
082 _a621.1
300 _a453
546 _aENGLISH
999 _c27542
_d27542